¿Guiño a los trabajadores accidentados? Los plazos de caducidad locales y su dudosa constitucionalidad / (Registro nro. 5931)
[ vista simple ]
| 000 -LEADER | |
|---|---|
| fixed length control field | 01476nab a22002777a 4500 |
| 003 - CONTROL NUMBER IDENTIFIER | |
| control field | OSt |
| 005 - DATE AND TIME OF LATEST TRANSACTION | |
| control field | 20260114010602.0 |
| 008 - FIXED-LENGTH DATA ELEMENTS--GENERAL INFORMATION | |
| fixed length control field | 190605e xxu||||| |||| 00| 0 spa d |
| 040 ## - CATALOGING SOURCE | |
| Transcribing agency | PJ |
| 100 ## - MAIN ENTRY--PERSONAL NAME | |
| 9 (RLIN) | 4886 |
| Personal name | Elmelaj, María Laura |
| 245 10 - TITLE STATEMENT | |
| Title | ¿Guiño a los trabajadores accidentados? Los plazos de caducidad locales y su dudosa constitucionalidad / |
| Statement of responsibility, etc | María Laura Elmelaj. |
| 260 ## - PUBLICATION, DISTRIBUTION, ETC. (IMPRINT) | |
| Place of publication, distribution, etc | Ciudad Autónoma de Buenos Aires : |
| Name of publisher, distributor, etc | Thomson Reuters La Ley, |
| Date of publication, distribution, etc | 2024. |
| 300 ## - PHYSICAL DESCRIPTION | |
| Extent | p. 231-235 |
| 500 ## - GENERAL NOTE | |
| General note | Cita: TR LALEY AR/DOC/2838/2023.<br/><br/> |
| 505 ## - FORMATTED CONTENTS NOTE | |
| Formatted contents note | Sumario: I. Introducción.— II. La sentencia anotada.— III. Comentario.— IV. ¿Comentarios? |
| 505 ## - FORMATTED CONTENTS NOTE | |
| Formatted contents note | Fallos comentados:<br/>SC Mendoza, sala II ~ 08/06/2021 ~ Daneri Mancebo, Laura Gabriela c. Asociart, A.R.T. s/ accidente s/ recurso extraordinario.<br/>CS ~ 19/10/2023 ~ Daneri Mancebo, Laura Gabriela c. Asociart ART S.A. s/ accidente p/ recurso extraordinario provincial p/ recurso extraordinario federal. |
| 505 ## - FORMATTED CONTENTS NOTE | |
| Title | ¿Te interesa el texto completo? Solicitalo al correo: koha@justierradelfuego.gov.ar |
| 650 #0 - SUBJECT ADDED ENTRY--TOPICAL TERM | |
| 9 (RLIN) | 1316 |
| Topical term or geographic name as entry element | DERECHO LABORAL |
| 650 #0 - SUBJECT ADDED ENTRY--TOPICAL TERM | |
| 9 (RLIN) | 4597 |
| Topical term or geographic name as entry element | CONSTITUCIONALIDAD |
| 650 #0 - SUBJECT ADDED ENTRY--TOPICAL TERM | |
| 9 (RLIN) | 4942 |
| Topical term or geographic name as entry element | COMISIONES MÉDICAS |
| 650 #0 - SUBJECT ADDED ENTRY--TOPICAL TERM | |
| 9 (RLIN) | 1570 |
| Topical term or geographic name as entry element | DERECHOS DEL TRABAJADOR |
| 650 #0 - SUBJECT ADDED ENTRY--TOPICAL TERM | |
| 9 (RLIN) | 1417 |
| Topical term or geographic name as entry element | ACCIDENTES DE TRABAJO |
| 650 #0 - SUBJECT ADDED ENTRY--TOPICAL TERM | |
| 9 (RLIN) | 3887 |
| Topical term or geographic name as entry element | CADUCIDAD |
| 773 0# - HOST ITEM ENTRY | |
| Host Biblionumber | 2711 |
| Host Itemnumber | 3168 |
| Place, publisher, and date of publication | Ciudad Autónoma de Buenos Aires : Thomson Reuters La Ley, 1999-2002. |
| Title | Revista de derecho del trabajo. Nº 1 - Enero 2024 |
| 942 ## - ADDED ENTRY ELEMENTS (KOHA) | |
| Source of classification or shelving scheme | |
| Koha item type | Analítica Artículo de Revista |
No hay ítems disponibles.
